Estados brasileiros e suas abreviações - Statistics

Estatísticas Gerais
  • Esse quiz foi jogado 181 vezes
  • A pontuação média é 27 de 27
Estatísticas das Respostas
Estado Sigla % Correto
Pará PA
100%
Acre AC
99%
Alagoas AL
99%
Bahia BA
99%
Ceará CE
99%
Distrito Federal DF
99%
Goiás GO
99%
Maranhão MA
99%
Mato Grosso do Sul MS
99%
Mato Grosso MT
99%
Rio Grande do Norte RN
99%
Tocantins TO
99%
Minas Gerais MG
98%
Paraíba PB
98%
Pernambuco PE
98%
Piauí PI
98%
Paraná PR
98%
Rio de Janeiro RJ
98%
Rondônia RO
98%
Santa Catarina SC
98%
Sergipe SE
98%
São Paulo SP
98%
Amazonas AM
97%
Amapá AP
97%
Espírito Santo ES
97%
Roraima RR
97%
Rio Grande do Sul RS
97%
Nenhum quiz correspondente encontrado
Distribuição das Pontuações
Porcentagem de Pessoas com Cada Pontuação
Percentil de Números Respondidos
Sua Pontuação Histórica
Você não jogou esse quiz